Zacatecas : cuaderno 31 /

محفوظ في:
التفاصيل البيبلوغرافية
مؤلف مشترك: Nacional Financiera (México)
التنسيق: كتاب
اللغة:الإسبانية
منشور في: México : Nacional Financiera, 1971
الوسوم: إضافة وسم
لا توجد وسوم, كن أول من يضع وسما على هذه التسجيلة!

MARC

LEADER 00000nam^a2200000^a^4500
001 000561717
005 20250526000000.0
009 20260310131928.958
037 |a Acervo ITESO - Biblioteca 
041 |a ESP 
091 |a FHA. 02886 
110 |a Nacional Financiera (México) 
245 1 0 |a Zacatecas :  |b cuaderno 31 / 
264 1 |a México :  |b Nacional Financiera,  |c 1971 
300 |a [30 p.] ;  |c 27.5 cm. 
336 |a texto  |b txt  |2 rdacontenido 
337 |a sin mediación  |b n  |2 rdamedio 
338 |a volumen  |b nc  |2 rdasoporte 
515 |a Inventario familia Hartung: 1756 
649 |a XX 
910 |a Fondo Horst Hartung Franz 
920 |a Impresos - Libros 
930 |a Libros Antiguos y Raros 
905 |a 135 
901 |a 0500334686  |b IT2  |c LRA  |i D  |u 20250526 
902 |a https://opac.biblio.iteso.mx/vufind/Record/000561717